000 00382cam a2200145ua 4500
041 _aeng
_h
082 _a692
_bJOH/QU
100 _aJohn, F L D .
245 _aQuantities & Estimating for Building Technicians Vol.I /
_cF L D John.
_hTextual Documents
260 _a :
_bE & F>N Spon Limited ,
_c1955.
300 _a122 ; .
504 _a
942 _cBK
999 _c3290
_d3290